Psychology of Childhood and Adolescence/ (Record no. 199731)

MARC details
000 -LEADER
fixed length control field 00768nam a22002057a 4500
005 - DATE AND TIME OF LATEST TRANSACTION
control field 20231220152550.0
010 ## - LCCN (DPL NO)
LC control number ENG-138657
020 ## - INTERNATIONAL STANDARD BOOK NUMBER
International Standard Book Number 9789389740110
Terms of availability 795.00
035 ## - SYSTEM CONTROL NUMBER
System control number EN-122189
037 ## - SOURCE OF ACQUISITION
Source of stock number/acquisition DBAD/PUB
082 ## - DEWEY DECIMAL CLASSIFICATION NUMBER
Classification number 155.44
Edition number 1
100 ## - MAIN ENTRY--PERSONAL NAME
Personal name Murthy, Ravindranath K.
245 ## - TITLE STATEMENT
Title Psychology of Childhood and Adolescence/
Statement of responsibility, etc By Ravindranath K. Murthy; G. Sri Krishna; and K. Srinivas Reddy
260 ## - PUBLICATION, DISTRIBUTION, ETC. (IMPRINT)
Place of publication, distribution, etc New Delhi
Name of publisher, distributor, etc Neelkamal Publications
Date of publication, distribution, etc 2020
270 ## - ADDRESS
Address 4764/1, 23, Ansari Road
City Daryaganj, New Delhi
Postal code 110002
Telephone number 011-23244237
-- 9811828953
Electronic mail address neelkamalbooks@gmail.com
300 ## - PHYSICAL DESCRIPTION
Extent xi+202p.
Dimensions 25cm(hbk)
700 ## - ADDED ENTRY--PERSONAL NAME
Personal name Krishna, G. Sri
Relator term Author
9 (RLIN) 60036
700 ## - ADDED ENTRY--PERSONAL NAME
Personal name Reddy, K. Srinivas
Relator term Author
9 (RLIN) 60056
942 ## - ADDED ENTRY ELEMENTS (KOHA)
Source of classification or shelving scheme Dewey Decimal Classification
Item type English Books
Classification part 155.4
Call number suffix MUR
Holdings
Withdrawn status Lost status Not for loan Collection code Home library Current library Date acquired Source of acquisition Cost, normal purchase price Full call number Barcode Copy number Cost, replacement price Koha item type
      Non-fiction Ashok Vihar Ashok Vihar 20/12/2023 DBAD 795.00 155.4 MUR EN-122189 1 795.00 English Books

© Delhi Public Library
Hit Counter
free hit counter